Otužovanie detí /

Main Author: Komadel, Ľudovít, 1927-2022
Language: Slovak
Published: Bratislava : Slovenský ústav zdravotníckej osvety, 1962
Edition: 1.vyd.
Series: Rady rodičom a vychovávateľom
Physical Description: 36 s.
Book
Saved in:
LEADER 00866nam a22002292a 4500
001 000351502
003 CZ BrMZK
005 20181002100351.0
008 980107s1962 xo f slo d
040 |a BOA001  |b cze 
100 1 |a Komadel, Ľudovít,  |d 1927-2022  |7 jn20000603473  |4 aut 
245 1 0 |a Otužovanie detí /  |c Ľudovít Komadel 
250 |a 1.vyd. 
260 |a Bratislava :  |b Slovenský ústav zdravotníckej osvety,  |c 1962 
300 |a 36 s. 
490 1 |a Rady rodičom a vychovávateľom ;  |v zv. 19 
830 0 |a Rady rodičom a vychovávateľom 
910 |a BOA001  |b PK-A-0008.310  |b X-0483.894 
964 |a Děti - otužování - návody 
990 |a BK 
996 7 |b 2618953243  |c X-0483.894  |l MZK  |r Sklad / do 24 hodin  |n 0  |w 000351502  |u 000020  |a 1  |e BOA001  |j MZK50  |s A 
996 7 |b 3119807857  |c PK-A-0008.310  |l MZK  |r Sklad / do 1 hodiny  |n 0  |w 000351502  |u 000010  |a 1  |e BOA001  |j MZK50  |s A